00769cam a22002171 4500001001300000003000400013005001700017008004100034010001700075035001900092040001800111042001200129050001700141110004800158245007200206260005400278300001900332500012500351650002300476740005200499ne 66000604 DLC20260227111821.0750415s1963 xx 000 0 eng  ane 66000604  a(OCoLC)1279624 aDLCcMBUdDLC apremarc00aHD5839b.A452 aMaʻhad al-Takhṭīṭ al-Qawmī (Egypt)10aResearch project on employment and unemployment among the educated. a[Cairo,bNational Publication House Press,c1963] a140 p.c25 cm. aIssued originally, with subtitle Final report, as part of a series of reports in mimeographed form under the same title. 0aUnemployedzEgypt.0 aEmployment and unemployment among the educated.